[Event "Titled Tuesday intern op 26th Jul Early"]
[Site "Chess.com INT"]
[Date "2022.07.26"]
[Round "4"]
[White "Legenia, Artem"]
[Black "Kuderinov, Kirill"]
[Result "0-1"]
[WhiteElo "2092"]
[BlackElo "2404"]
[PlyCount "64"]
[EventDate "2022.07.26"]
[EventType "swiss (blitz)"]
[EventRounds "11"]
[EventCountry "USA"]
[SourceTitle "EXT 2023"]
[Source "ChessBase"]
[SourceDate "2022.10.05"]
[SourceVersion "1"]
[SourceVersionDate "2022.10.05"]
[SourceQuality "1"]

1. Nf3 Nf6 2. g3 d6 3. Bg2 g6 4. 0-0 Bg7 5. d3 0-0 6. e4 c5 7. Nbd2 Nc6 8. h3 e5 9. a4 h6 10. b3 Nh7 11. Nc4 Be6 12. Ne3 f5 13. Bb2 f4 14. Nd5 Bxd5 15. exd5 Nd4 16. Bxd4 cxd4 17. g4 Rc8 18. Nd2 Qc7 19. Rc1 Ng5 20. h4 Nh7 21. Ne4 Qe7 22. h5 gxh5 23. gxh5 f3 24. Bxf3 Ng5 25. Nxg5 Qxg5+ 26. Bg4 e4 27. dxe4 Rc3 28. Kg2 Be5 29. f3 Qh4 30. f4 Rg3+ 31. Kf2 Rxf4+ 32. Ke2 Qh2+ 0-1

[Event "Titled Tuesday intern op 19th Jul Early"]
[Site "Chess.com INT"]
[Date "2022.07.19"]
[Round "7"]
[White "Koziorowicz, Michal"]
[Black "Kuderinov, Kirill"]
[Result "0-1"]
[WhiteElo "2231"]
[BlackElo "2404"]
[PlyCount "100"]
[EventDate "2022.07.19"]
[EventType "swiss (blitz)"]
[EventRounds "11"]
[EventCountry "USA"]
[SourceTitle "EXT 2023"]
[Source "ChessBase"]
[SourceDate "2022.10.05"]
[SourceVersion "1"]
[SourceVersionDate "2022.10.05"]
[SourceQuality "1"]

1. Nc3 Nf6 2. e4 d6 3. d4 g6 4. Be3 Bg7 5. h4 h5 6. Nf3 Ng4 7. Ng5 Nxe3 8. fxe3 0-0 9. Bc4 e6 10. Ne2 Bh6 11. Nf4 Bxg5 12. hxg5 Qxg5 13. Qf3 c6 14. 0-0-0 e5 15. Nh3 Bxh3 16. Rxh3 exd4 17. Rg3 Qh6 18. Kb1 Nd7 19. exd4 Nb6 20. Bd3 Rae8 21. Rh1 Qg7 22. c3 c5 23. Rxh5 cxd4 24. cxd4 Qxd4 25. Rh1 Na4 26. Qe2 d5 27. Rgh3 dxe4 28. Bb5 Nc5 29. Bxe8 Rxe8 30. Rh8+ Qxh8 31. Rxh8+ Kxh8 32. Qe3 b6 33. Kc2 Kg8 34. g4 a5 35. Kc3 Re6 36. Kc4 Nd3 37. b3 Ne5+ 38. Kc3 Nxg4 39. Qe2 e3 40. Kc2 Nf2 41. b4 axb4 42. Kb3 Nh3 43. Qd3 e2 44. Qd8+ Kg7 45. Qd4+ Kh7 46. Qh4+ Kg8 47. Qd8+ Kg7 48. Qd4+ Kf8 49. Qd8+ Re8 50. Qd6+ Kg8 0-1

[Event "Aktobe Dvorkovich op"]
[Site "Aktobe"]
[Date "2022.06.16"]
[Round "3"]
[White "Kuderinov, Kirill"]
[Black "Vakhidov, Jahongir"]
[Result "0-1"]
[WhiteElo "2409"]
[BlackElo "2557"]
[PlyCount "74"]
[EventDate "2022.06.14"]
[EventType "swiss"]
[EventRounds "9"]
[EventCountry "KAZ"]
[SourceTitle "CBM 208 Extra"]
[Source "ChessBase"]
[SourceDate "2022.07.31"]
[SourceVersion "1"]
[SourceVersionDate "2022.07.31"]
[SourceQuality "1"]

1. d4 Nf6 2. e3 g6 3. f4 Bg7 4. Nf3 0-0 5. Bd3 c5 6. c3 d6 7. 0-0 Nc6 8. Bc2 cxd4 9. exd4 e5 10. d5 Ne7 11. fxe5 Nfxd5 12. c4 Nb4 13. exd6 Nf5 14. Bb3 Qxd6 15. Qxd6 Nxd6 16. Nc3 Be6 17. Nd5 Bxd5 18. cxd5 Nd3 19. Rb1 Rfc8 20. Bg5 Rc7 21. Rfd1 Nxb2 22. Rd2 Nbc4 23. Bxc4 Rxc4 24. Be7 Bf8 25. Bxd6 Bxd6 26. Rxb7 Bc5+ 27. Kf1 Rc1+ 28. Ne1 Re8 29. Re2 Rd8 30. g3 Rxd5 31. Kg2 Bb6 32. Nf3 Rc7 33. Rb8+ Kg7 34. g4 h6 35. h4 Rcd7 36. g5 hxg5 37. hxg5 Bd8 0-1